000 00565cam a22001934a 4500
005 20250605164218.0
008 250528s ||||||||||||||||||||||||d
035 _a20549
020 _a9608177863
040 _aGR-AtMCL
_bgre
_dGR-AtMCL
_eAACR2
245 1 _aΙστορία των Ελλήνων / Προϊστορικοί Χρόνοι.
_nΤόμος 1
300 _a738
700 1 _aΜανιατέας Ηλίας
_96494
700 1 _aΤεγόπουλος Γιάννης
_96495
942 _cBK
260 _bΔομή
999 _c5647
_d5647